000
00291nam a2200109Ia 4500
008
220204s9999 xx 000 0 und d
082
_a
929A/Z(STE)
_b
DAI
100
_a
Daiches, David
245
0
_a
Robert Louis Stevenson and his word
260
_a
London
_b
Thomas and Hudson
_c
1973
942
_c
BK
999
_c
34510
_d
34510